[Event "FIDE World Bl Team Final"]
[Site "London ENG"]
[Date "2025.06.15"]
[Round "1.3"]
[White "Jumabayev, Rinat"]
[Black "Gledura, Benjamin"]
[Result "0-1"]
[WhiteTitle "GM"]
[BlackTitle "GM"]
[WhiteElo "2546"]
[BlackElo "2668"]
[WhiteTeam "B3 Theme International Trading"]
[BlackTeam "A2 Ashdod Elit Chess Club"]
[WhiteFideId "13702661"]
[BlackFideId "712779"]
[EventDate "2025.06.15"]
[EventType "team-k.o. (blitz)"]

1. d4 Nf6 2. c4 e6 3. Nf3 Bb4+ 4. Bd2 Qe7 5. g3 Nc6 6. Bg2 Bxd2+ 7. Nbxd2 d6 8.
Rc1 O-O 9. O-O e5 10. d5 Nb8 11. Ne1 a5 12. Nb1 e4 13. Nc2 Na6 14. Nc3 Nc5 15.
Qd4 Re8 16. Ne3 Bd7 17. Rce1 Qe5 18. Qxe5 Rxe5 19. b3 h5 20. h3 b6 21. Rb1 Nh7
22. a3 a4 23. b4 Nb3 24. Rfd1 f5 25. h4 Rf8 26. Nb5 Bxb5 27. cxb5 f4 28. Nc4 Re7
29. Bh3 g5 30. e3 fxg3 31. fxg3 Rf3 32. Be6+ Kg7 33. Kg2 Nf8 34. Bc8 gxh4 35.
gxh4 Ng6 36. Rg1 Nxh4+ 37. Kh1+ Kh6 38. Rb2 Rg7 39. Rh2 Rxg1+ 40. Kxg1 Kg5 41.
Rc2 Nf5 42. Bxf5 Rxf5 43. Rg2+ Kf6 44. Kh2 Rxd5 45. Rc2 Rd3 46. Rf2+ Ke6 47. Rf8
d5 0-1

[Event "FIDE World Bl Team Final"]
[Site "London ENG"]
[Date "2025.06.15"]
[Round "1.3"]
[White "Volokitin, Andrei"]
[Black "Le, Tuan Minh"]
[Result "0-1"]
[WhiteTitle "GM"]
[BlackTitle "GM"]
[WhiteElo "2626"]
[BlackElo "2598"]
[WhiteTeam "A2 Ashdod Elit Chess Club"]
[BlackTeam "B3 Theme International Trading"]
[WhiteFideId "14107090"]
[BlackFideId "12401153"]
[EventDate "2025.06.15"]
[EventType "team-k.o. (blitz)"]

1. e4 e5 2. Nf3 Nc6 3. Bc4 Bc5 4. c3 Nf6 5. d3 d6 6. O-O a6 7. a4 Ba7 8. Re1 O-O
9. h3 h6 10. Nbd2 Nh5 11. Nf1 Qf6 12. N1h2 Be6 13. Ng4 Qe7 14. Be3 Nf6 15. Bxe6
fxe6 16. Nxf6+ Qxf6 17. Bxa7 Rxa7 18. b4 Raa8 19. Ra2 Rf7 20. Qb3 Ne7 21. d4 Ng6
22. dxe5 Nxe5 23. Nxe5 Qxe5 24. c4 Raf8 25. Rd2 Rf3 26. Qb2 Qg5 27. Kf1 R3f4 28.
Qc3 R4f6 29. Qe3 Qe5 30. Kg1 Rg6 31. c5 dxc5 32. Qxc5 Qf4 33. Qe3 Qe5 34. Qc5
Qf4 35. Qe3 Qh4 36. Red1 Kh7 37. Re2 Qh5 38. Red2 Rf3 39. Qc5 Qxh3 0-1

[Event "FIDE World Bl Team Final"]
[Site "London ENG"]
[Date "2025.06.15"]
[Round "1.3"]
[White "Tin, Jingyao"]
[Black "Eljanov, Pavel"]
[Result "0-1"]
[WhiteTitle "GM"]
[BlackTitle "GM"]
[WhiteElo "2583"]
[BlackElo "2669"]
[WhiteTeam "B3 Theme International Trading"]
[BlackTeam "A2 Ashdod Elit Chess Club"]
[WhiteFideId "5804418"]
[BlackFideId "14102951"]
[EventDate "2025.06.15"]
[EventType "team-k.o. (blitz)"]

1. d4 d5 2. c4 e6 3. Nc3 Nf6 4. Nf3 Nbd7 5. Bg5 h6 6. Bh4 Be7 7. e3 O-O 8. Bd3
dxc4 9. Bxc4 a6 10. a4 c5 11. O-O cxd4 12. Qxd4 Nb6 13. Bb3 Qxd4 14. Nxd4 Bd7
15. a5 Nc8 16. Rfd1 Rd8 17. Bg3 Na7 18. Bc7 Rdc8 19. Bb6 Nc6 20. Nf3 Be8 21. Nd4
Nxd4 22. Rxd4 Nd7 23. Na4 Bf6 24. Rd2 Nxb6 25. Nxb6 Rd8 26. Rad1 Rxd2 27. Rxd2
Rd8 28. Rxd8 Bxd8 29. Kf1 Bf6 30. Nc4 Bc6 31. f3 Bd5 32. e4 Bxc4+ 33. Bxc4 Bxb2
34. Bd3 Bc3 35. e5 Bxa5 36. Be4 Bc3 37. Bxb7 a5 38. f4 g5 39. g3 a4 40. Ba6 a3
41. Bc4 g4 42. Kg2 h5 43. h3 Kf8 44. hxg4 hxg4 45. Kf2 Ke7 46. Ke2 Kd7 47. Ba2
Kc6 48. Bb3 Kc5 49. Ba2 Kd4 50. Bb3 Bb4 51. Ba2 Kc3 52. f5 exf5 53. Bxf7 Bc5 54.
Bg8 Kb2 55. Bd5 a2 56. Bxa2 Kxa2 57. e6 Kb3 58. Kd3 Kb4 59. e7 Bxe7 60. Kd4 Bf6+
61. Kd5 Kc3 62. Ke6 f4 0-1

[Event "FIDE World Bl Team Final"]
[Site "London ENG"]
[Date "2025.06.15"]
[Round "1.3"]
[White "Osmak, Yuliia"]
[Black "Gong, Qianyun"]
[Result "1-0"]
[WhiteTitle "IM"]
[BlackTitle "WGM"]
[WhiteElo "2468"]
[BlackElo "2228"]
[WhiteTeam "A2 Ashdod Elit Chess Club"]
[BlackTeam "B3 Theme International Trading"]
[WhiteFideId "14101602"]
[BlackFideId "8602425"]
[EventDate "2025.06.15"]
[EventType "team-k.o. (blitz)"]

1. c4 Nf6 2. Nc3 c5 3. Nf3 Nc6 4. g3 d5 5. cxd5 Nxd5 6. Bg2 Nc7 7. O-O e5 8. b3
Be7 9. Bb2 O-O 10. Rc1 f6 11. e3 Bg4 12. h3 Bh5 13. Qe2 Kh8 14. Rfd1 f5 15. d3
Rc8 16. Na4 Ne6 17. Qe1 Bd6 18. Rd2 Qe7 19. Nc3 Qf7 20. Nb5 Bb8 21. d4 cxd4 22.
exd4 e4 23. Ne5 Nxe5 24. dxe5 Rxc1 25. Qxc1 Ng5 26. Nd6 Qg6 27. Rc2 Bxd6 28.
exd6 Qe6 29. Qxg5 Bg6 30. Qe7 Rg8 31. Qxe6 1-0

[Event "FIDE World Bl Team Final"]
[Site "London ENG"]
[Date "2025.06.15"]
[Round "1.3"]
[White "Zhang, Changjie"]
[Black "Sailaubay, Aldiyar"]
[Result "0-1"]
[WhiteElo "1808"]
[BlackElo "1910"]
[WhiteTeam "B3 Theme International Trading"]
[BlackTeam "A2 Ashdod Elit Chess Club"]
[WhiteFideId "5801877"]
[BlackFideId "13729357"]
[EventDate "2025.06.15"]
[EventType "team-k.o. (blitz)"]

1. e4 d6 2. d4 Nf6 3. Nc3 e5 4. Nf3 Nbd7 5. Rg1 exd4 6. Nxd4 Nc5 7. Bg5 Be7 8.
Bd3 h6 9. Bxf6 Bxf6 10. Nf3 Bxc3+ 11. bxc3 Bg4 12. h3 Bxf3 13. gxf3 Qf6 14. Qd2
g5 15. Rg3 O-O-O 16. a4 Rhe8 17. a5 a6 18. Rb1 d5 19. Qe3 Qxc3+ 20. Kf1 Qxa5 21.
e5 Nxd3 22. cxd3 d4 23. Qe4 Qd5 24. Qf5+ Kb8 25. Kg2 Rxe5 26. Qf6 Rf5 27. Qxh6
Qd6 28. Qg7 f6 29. Qf7 Rb5 30. Rc1 a5 31. Qa2 Qb6 32. Rg4 Rb2 33. Qa4 Qb4 34.
Qxb4 Rxb4 35. Rc5 a4 36. Re4 b6 37. Rc6 Kb7 38. Rxf6 a3 39. Re1 a2 40. Ra1 Ra8
41. Rg6 Rb1 42. Rxa2 Rxa2 43. Rxg5 Rbb2 44. h4 Rxf2+ 45. Kh3 Rxf3+ 46. Kg4 Rxd3
47. h5 Rg2+ 0-1

[Event "FIDE World Bl Team Final"]
[Site "London ENG"]
[Date "2025.06.15"]
[Round "1.3"]
[White "Grischuk, Alexander"]
[Black "Samadov, Read"]
[Result "1-0"]
[WhiteTitle "GM"]
[BlackTitle "IM"]
[WhiteElo "2667"]
[BlackElo "2522"]
[WhiteTeam "D2 KazChess"]
[BlackTeam "C3 Rookies"]
[WhiteFideId "4126025"]
[BlackFideId "13417444"]
[EventDate "2025.06.15"]
[EventType "team-k.o. (blitz)"]

1. e4 c5 2. Nc3 d6 3. Bb5+ Bd7 4. Bxd7+ Qxd7 5. d4 cxd4 6. Qxd4 Nc6 7. Qd3 g6 8.
Nf3 Bg7 9. O-O Nf6 10. Nd5 O-O 11. Bg5 Ne8 12. Rad1 e6 13. Ne3 f5 14. exf5 gxf5
15. Rfe1 Qf7 16. Nc4 e5 17. Qd5 h6 18. Bc1 e4 19. Nh4 Nb4 20. Qxf7+ Rxf7 21. Re2
Nxa2 22. c3 Nxc1 23. Rxc1 Rc8 24. Ne3 Rc5 25. Rd1 a5 26. g3 b5 27. Nd5 a4 28. f3
Rc4 29. Ree1 Kh7 30. Re2 Nc7 31. Nxc7 Rcxc7 32. fxe4 fxe4 33. Rxe4 a3 34. bxa3
Rxc3 35. Rxd6 Rxa3 36. Rd5 Ra1+ 37. Kg2 Ra2+ 38. Kh3 Rb2 39. Nf5 b4 40. Rb5 Bf8
41. Re6 Rf2 42. Ree5 Rf1 43. Red5 Rf2 44. Ne3 Re2 45. Ng4 Ra2 46. Rb6 Re2 47.
Nf6+ Kg7 48. Nh5+ Kh7 49. Nf4 Rc2 50. Ne6 Bg7 51. Rxb4 Re2 52. Rb6 Rff2 53. Nxg7
Rxh2+ 54. Kg4 Kxg7 55. Rd7+ Kf8 56. Rh7 h5+ 57. Kg5 Kg8 58. Kh6 Re8 59. Rg6+ Kf8
60. Rh8+ Ke7 61. Rh7+ Kf8 62. Rf6+ Kg8 63. Rg7+ Kh8 64. Rfg6 1-0

[Event "FIDE World Bl Team Final"]
[Site "London ENG"]
[Date "2025.06.15"]
[Round "1.3"]
[White "Sapenov, Daniyal"]
[Black "Rapport, Richard"]
[Result "1/2-1/2"]
[WhiteTitle "IM"]
[BlackTitle "GM"]
[WhiteElo "2405"]
[BlackElo "2714"]
[WhiteTeam "C3 Rookies"]
[BlackTeam "D2 KazChess"]
[WhiteFideId "13728911"]
[BlackFideId "738590"]
[EventDate "2025.06.15"]
[EventType "team-k.o. (blitz)"]

1. e4 c5 2. Nf3 Nc6 3. Nc3 d6 4. d4 cxd4 5. Nxd4 Nf6 6. Bg5 Bd7 7. Qd3 Rc8 8.
Be2 Qa5 9. Bxf6 gxf6 10. Nb3 Qg5 11. g3 f5 12. f4 fxe4 13. Nxe4 Qf5 14. c3 Bg7
15. O-O h5 16. Rae1 Kf8 17. Bf3 Kg8 18. Qd2 Qg6 19. Ng5 h4 20. Bd5 Rf8 21. g4
Bxg4 22. Qg2 Bf5 23. Bxc6 bxc6 24. Rxe7 Rh6 25. Nd4 Bxd4+ 26. cxd4 Qg7 27. Qf2
Re6 28. Rxe6 Bxe6 29. Qe3 Re8 30. Kf2 Bd7 31. Qd2 Bg4 32. Rg1 f5 33. h3 Re2+ 34.
Qxe2 Bxe2 35. Nf3 Bxf3 36. Rxg7+ Kxg7 37. Kxf3 Kf6 38. d5 c5 39. Ke3 Ke7 40. Kd3
Kd7 41. Kc4 a6 42. b4 cxb4 43. Kxb4 Kc7 44. a4 Kb6 45. a5+ 1/2-1/2

[Event "FIDE World Bl Team Final"]
[Site "London ENG"]
[Date "2025.06.15"]
[Round "1.3"]
[White "Esipenko, Andrey"]
[Black "Shogdzhiev, Roman"]
[Result "1-0"]
[WhiteTitle "GM"]
[BlackTitle "FM"]
[WhiteElo "2689"]
[BlackElo "2402"]
[WhiteTeam "D2 KazChess"]
[BlackTeam "C3 Rookies"]
[WhiteFideId "24175439"]
[BlackFideId "55653537"]
[EventDate "2025.06.15"]
[EventType "team-k.o. (blitz)"]

1. d4 d5 2. c4 c6 3. cxd5 cxd5 4. Bf4 Nf6 5. e3 Nc6 6. Bd3 Bg4 7. f3 Bd7 8. Nc3
e6 9. g4 Be7 10. Nge2 O-O 11. Kf2 Ne8 12. h4 Nd6 13. a3 f5 14. g5 Rc8 15. Bh2
Na5 16. Nf4 Qb6 17. Qe2 Rfe8 18. Rab1 Nac4 19. Rhc1 Bf8 20. Bg3 a6 21. Kg2 Kh8
22. Bf2 Qa5 23. Qe1 b5 24. Qe2 Bc6 25. Ra1 Qb6 26. b3 Na5 27. Rab1 Ba8 28. Bg3
Nf7 29. Qb2 Rcd8 30. g6 Nh6 31. Nce2 Bd6 32. gxh7 Kxh7 33. Nh3 Bxg3 34. Kxg3 e5
35. Ng5+ Kg8 36. dxe5 Qxe3 37. Nf4 Nc6 38. e6 Qa7 39. Qc3 Qb8 40. Qd2 Ne5 41.
Kg2 d4 42. Re1 Nhg4 43. Bxf5 Ne3+ 44. Rxe3 dxe3 45. Qxe3 Qd6 46. Qxe5 Qd2+ 47.
Kh3 g6 48. Bxg6 Re7 49. Bf7+ Kf8 50. Qh8# 1-0

[Event "FIDE World Bl Team Final"]
[Site "London ENG"]
[Date "2025.06.15"]
[Round "1.3"]
[White "Nurman, Alua"]
[Black "Ansat, Aldiyar"]
[Result "0-1"]
[WhiteTitle "WGM"]
[BlackTitle "IM"]
[WhiteElo "2339"]
[BlackElo "2489"]
[WhiteTeam "C3 Rookies"]
[BlackTeam "D2 KazChess"]
[WhiteFideId "13729390"]
[BlackFideId "13715658"]
[EventDate "2025.06.15"]
[EventType "team-k.o. (blitz)"]

1. e4 Nc6 2. Nf3 d6 3. d4 g6 4. Nc3 Bg7 5. h3 Nf6 6. Be3 a6 7. a4 O-O 8. Qd2 Nb4
9. Ne2 c5 10. Ng3 cxd4 11. Nxd4 Nc6 12. Nxc6 bxc6 13. a5 Rb8 14. c3 Nd7 15. Qc2
Qc7 16. Be2 Qb7 17. b4 c5 18. Rb1 Qc7 19. Bd3 Ne5 20. O-O Nxd3 21. Qxd3 Bd7 22.
Rfc1 cxb4 23. cxb4 Qb7 24. Bb6 Rbc8 25. Rc2 Bb5 26. Qd2 Rxc2 27. Qxc2 Rc8 28.
Qd2 Qc6 29. Kh2 Qc2 30. Qxc2 Rxc2 31. Be3 Be5 32. Rc1 Rxc1 33. Bxc1 Bc3 34. Ba3
e6 35. Kg1 d5 36. exd5 exd5 37. f3 d4 38. Ne4 Be1 39. Bb2 Bxb4 40. Bxd4 Bxa5 41.
Nf6+ Kg7 42. Kf2 Bd8 43. Nd5+ Kf8 44. Bc5+ Ke8 45. Bd4 h5 46. Nf6+ Ke7 47. Ke3
Ke6 48. Ne4 Kd5 49. Bh8 a5 50. Nc3+ Kc4 51. Kd2 a4 52. Kc2 Bd7 53. g4 Bc6 54.
Nb1 hxg4 55. hxg4 Be7 56. Nd2+ Kd5 57. Ba1 Bc5 58. Kd3 Bb5+ 59. Kc2 Bd4 60. Bxd4
Kxd4 61. Ne4 Bc6 62. Ng5 f6 63. Ne6+ Ke5 64. Nf8 g5 65. Kb2 Bxf3 66. Ka3 Bxg4
67. Kxa4 Bf5 68. Kb4 Kd6 69. Kc3 Ke7 0-1

[Event "FIDE World Bl Team Final"]
[Site "London ENG"]
[Date "2025.06.15"]
[Round "1.3"]
[White "Kamalidenova, Meruert"]
[Black "Suleimen, Ergali"]
[Result "1-0"]
[WhiteTitle "IM"]
[BlackTitle "FM"]
[WhiteElo "2330"]
[BlackElo "2302"]
[WhiteTeam "D2 KazChess"]
[BlackTeam "C3 Rookies"]
[WhiteFideId "13712802"]
[BlackFideId "13724452"]
[EventDate "2025.06.15"]
[EventType "team-k.o. (blitz)"]

1. e4 c5 2. Nf3 e6 3. c3 Nf6 4. e5 Nd5 5. d4 cxd4 6. cxd4 d6 7. Bd3 b6 8. O-O
Bb7 9. Nc3 Nxc3 10. bxc3 Nc6 11. exd6 Bxd6 12. Re1 Ne7 13. Ng5 Qc7 14. Qh5 g6
15. Qh4 a6 16. Bd2 Nf5 17. Qh3 O-O-O 18. Ne4 Be7 19. a4 Nd6 20. Bf4 Qd7 21. Rab1
Nxe4 22. Bxe4 Bxe4 23. Rxe4 Qc6 24. Qd3 Kb7 25. Re2 Bd6 26. Be3 Bc7 27. a5 b5
28. c4 Ka8 29. cxb5 axb5 30. Rc2 Qd6 31. Qe4+ Ka7 32. g3 Rd7 33. d5+ Kb8 34.
Rxb5+ Kc8 35. dxe6 Qxe6 36. Qa8# 1-0

[Event "FIDE World Bl Team Final"]
[Site "London ENG"]
[Date "2025.06.15"]
[Round "1.3"]
[White "Dauren, Darmen"]
[Black "Aiten, Islam"]
[Result "0-1"]
[WhiteElo "2008"]
[BlackElo "1950"]
[WhiteTeam "C3 Rookies"]
[BlackTeam "D2 KazChess"]
[WhiteFideId "13755579"]
[BlackFideId "13749420"]
[EventDate "2025.06.15"]
[EventType "team-k.o. (blitz)"]

1. c4 Nf6 2. Nc3 g6 3. g3 Bg7 4. Bg2 O-O 5. e4 d6 6. d3 e5 7. Nge2 Nc6 8. O-O
Ne8 9. f4 f5 10. fxe5 dxe5 11. Be3 Nd4 12. Qd2 c6 13. Bg5 Qb6 14. Nxd4 Qxd4+ 15.
Be3 Qd6 16. Rf2 Be6 17. Bg5 Nf6 18. Rd1 Ng4 19. Re2 h6 20. Be3 f4 21. gxf4 exf4
22. Bf2 f3 23. e5 Qe7 24. Bxf3 Rxf3 25. Ne4 Raf8 26. Bc5 Qh4 27. Bxf8 Kxf8 28.
Rf1 Rxf1+ 29. Kxf1 Nxe5 30. Rf2+ Kg8 31. Qe3 Bh3+ 32. Kg1 Ng4 33. Qf4 Qe7 34.
Qb8+ Kh7 35. Rf3 Bd4+ 36. Kh1 Nf2+ 37. Rxf2 Bxf2 38. Qf4 Bb6 39. Nf6+ Kg7 40.
Ne4 Bf5 41. c5 Bc7 42. Qe3 Qe5 43. Qf2 Bxe4+ 44. dxe4 Qxe4+ 45. Kg1 Be5 46. Qd2
Bd4+ 47. Kf1 Qh1+ 48. Ke2 Qxh2+ 49. Kd3 0-1

[Event "FIDE World Bl Team Final annulled"]
[Site "London ENG"]
[Date "2025.06.15"]
[Round "2.1"]
[White "Keymer, Vincent"]
[Black "Nepomniachtchi, Ian"]
[Result "1-0"]
[WhiteTitle "GM"]
[BlackTitle "GM"]
[WhiteElo "2730"]
[BlackElo "2757"]
[WhiteTeam "C2 Germany and Friends"]
[BlackTeam "A1 WR Chess Team"]
[WhiteFideId "12940690"]
[BlackFideId "4168119"]
[EventDate "2025.06.15"]
[EventType "team-k.o. (blitz)"]

1. Nf3 Nf6 2. b3 d5 3. Bb2 e6 4. g3 c5 5. Bg2 Nc6 6. O-O Be7 7. e3 O-O 8. d4 b6
9. Nbd2 Bb7 10. dxc5 Bxc5 11. c4 Rc8 12. Qe2 Qe7 13. a3 a5 14. cxd5 exd5 15. Qd3
Rcd8 16. Nd4 Ne5 17. Qe2 Rfe8 18. N2f3 Nxf3+ 19. Qxf3 Qe4 20. Nf5 Qxf3 21. Bxf3
Re6 22. Rfc1 g6 23. Nd4 Ree8 24. Nb5 Ne4 25. Bd4 Bc6 26. Na7 Bd7 27. Bxe4 dxe4
28. Bxc5 bxc5 29. Rxc5 Rb8 30. Rb1 Re6 31. Rxa5 Rd6 32. a4 Bh3 33. Nb5 Rd2 34.
Nd4 Rc8 35. Rb5 Rb2 36. Re1 Rc3 37. a5 Ra2 38. b4 Rca3 39. Rc5 Rb2 40. Rc4 Raa2
41. a6 Rxf2 42. Rc2 Rfxc2 43. Nxc2 Rxa6 44. Ra1 Rc6 45. Nd4 Rb6 46. b5 h5 47.
Ra6 Rb8 48. Rd6 Ra8 49. Kf2 Ra2+ 50. Ke1 Rxh2 51. Kd1 g5 52. Kc1 Rh1+ 53. Kb2
Rh2+ 54. Ka3 Rh1 55. b6 Ra1+ 56. Kb4 Ra8 57. Nc6 Ra1 58. Na5 Rb1+ 59. Nb3 Bc8
60. Rd8+ Kg7 61. Rxc8 h4 62. gxh4 gxh4 63. b7 1-0

[Event "FIDE World Bl Team Final annulled"]
[Site "London ENG"]
[Date "2025.06.15"]
[Round "2.1"]
[White "Firouzja, Alireza"]
[Black "Svane, Rasmus"]
[Result "0-1"]
[WhiteTitle "GM"]
[BlackTitle "GM"]
[WhiteElo "2766"]
[BlackElo "2626"]
[WhiteTeam "A1 WR Chess Team"]
[BlackTeam "C2 Germany and Friends"]
[WhiteFideId "12573981"]
[BlackFideId "4657101"]
[EventDate "2025.06.15"]
[EventType "team-k.o. (blitz)"]

1. e4 e5 2. Nf3 Nc6 3. Bc4 Nf6 4. d3 h6 5. c3 Bc5 6. b4 Be7 7. Qb3 O-O 8. a4 d6
9. Nbd2 Nb8 10. a5 c6 11. Qa2 d5 12. Bb3 Qc7 13. O-O Be6 14. Re1 Nbd7 15. h3
Rfe8 16. Nf1 Bd6 17. Ng3 Rad8 18. Nh4 Bf8 19. Rb1 g6 20. Be3 b6 21. axb6 axb6
22. Nf3 Ra8 23. Qd2 Kh7 24. Qc2 c5 25. bxc5 bxc5 26. exd5 Bxd5 27. Bxd5 Nxd5 28.
Qb3 Qc6 29. Qb7 Qxb7 30. Rxb7 Re7 31. Bd2 Ra3 32. Ne4 f5 33. Nd6 Ra2 34. g4 Rg7
35. Nc4 fxg4 36. hxg4 N5f6 37. g5 hxg5 38. Nxg5+ Kg8 39. Be3 Nd5 40. Ne4 N5f6
41. Reb1 Nxe4 42. dxe4 Ra4 43. Nd2 Nf6 44. Rb8 Nxe4 45. Nxe4 Rxe4 46. Bxc5 Rf7
47. R1b6 Rg4+ 48. Kf1 Kg7 49. Be3 Rc4 50. Re6 Rxc3 51. Rxe5 Bd6 52. Bd4 Rc4 53.
Bb2 0-1

[Event "FIDE World Bl Team Final annulled"]
[Site "London ENG"]
[Date "2025.06.15"]
[Round "2.1"]
[White "Duda, Jan-Krzysztof"]
[Black "Svane, Frederik"]
[Result "1-0"]
[WhiteTitle "GM"]
[BlackTitle "GM"]
[WhiteElo "2725"]
[BlackElo "2667"]
[WhiteTeam "A1 WR Chess Team"]
[BlackTeam "C2 Germany and Friends"]
[WhiteFideId "1170546"]
[BlackFideId "12923044"]
[EventDate "2025.06.15"]
[EventType "team-k.o. (blitz)"]

1. e4 e5 2. Nf3 Nc6 3. Bb5 a6 4. Ba4 Nf6 5. O-O Bc5 6. c3 b5 7. Bb3 d6 8. a4 Bg4
9. d3 O-O 10. h3 Bxf3 11. Qxf3 Na5 12. Bc2 b4 13. Nd2 Rb8 14. Qd1 Re8 15. Nf3 h6
16. d4 exd4 17. cxd4 Ba7 18. e5 b3 19. Bd3 dxe5 20. dxe5 Nd7 21. Qe2 Nc6 22. Qe4
Ndxe5 23. Nxe5 Nxe5 24. Qh7+ Kf8 25. Bxa6 Qf6 26. Be2 g5 27. Be3 Bxe3 28. fxe3
Qg7 29. Qf5 Qg6 30. a5 Qxf5 31. Rxf5 Re6 32. a6 Ke7 33. a7 Ra8 34. Rxe5 Rxe5 35.
Bf3 Rxa7 36. Rxa7 Kd6 37. Ra6+ Kc5 38. Ra5+ Kd6 39. Rxe5 Kxe5 40. Bd1 Ke4 41.
Bxb3 1-0

[Event "FIDE World Bl Team Final annulled"]
[Site "London ENG"]
[Date "2025.06.15"]
[Round "2.1"]
[White "Wagner, Dinara"]
[Black "Kosteniuk, Alexandra"]
[Result "0-1"]
[WhiteTitle "IM"]
[BlackTitle "GM"]
[WhiteElo "2404"]
[BlackElo "2474"]
[WhiteTeam "C2 Germany and Friends"]
[BlackTeam "A1 WR Chess Team"]
[WhiteFideId "24157570"]
[BlackFideId "4128125"]
[EventDate "2025.06.15"]
[EventType "team-k.o. (blitz)"]

1. d4 Nf6 2. c4 e6 3. Nc3 Bb4 4. e3 d5 5. a3 Bxc3+ 6. bxc3 c6 7. a4 O-O 8. Ba3
Re8 9. Nf3 b6 10. cxd5 cxd5 11. Bb5 Bd7 12. Bd3 Nc6 13. c4 dxc4 14. Bxc4 Na5 15.
Bd3 Bc6 16. O-O Be4 17. Bb5 Bc6 18. Qe2 Qd5 19. Bb4 Bxb5 20. axb5 Nc4 21. Rfc1
Rec8 22. Nd2 Nxd2 23. Bxd2 Qb7 24. Qf3 Ne4 25. Be1 f5 26. Qf4 Rxc1 27. Rxc1 Rc8
28. Ra1 Qd7 29. Qe5 Nd6 30. Rb1 Nc4 31. Qf4 Na3 32. Rd1 Nxb5 33. h3 a5 34. e4
fxe4 35. Qxe4 Qd5 36. Qe3 a4 37. Bb4 Rc4 38. Rb1 a3 39. Ra1 Rxb4 0-1

[Event "FIDE World Bl Team Final"]
[Site "London ENG"]
[Date "2025.06.15"]
[Round "2.1"]
[White "Keymer, Vincent"]
[Black "Nepomniachtchi, Ian"]
[Result "0-1"]
[WhiteTitle "GM"]
[BlackTitle "GM"]
[WhiteElo "2730"]
[BlackElo "2757"]
[WhiteTeam "C2 Germany and Friends"]
[BlackTeam "A1 WR Chess Team"]
[WhiteFideId "12940690"]
[BlackFideId "4168119"]
[EventDate "2025.06.15"]
[EventType "team-k.o. (blitz)"]

1. Nf3 Nf6 2. c4 e6 3. b3 d5 4. Bb2 Be7 5. g3 O-O 6. Bg2 c5 7. cxd5 Nxd5 8. O-O
Nc6 9. d4 cxd4 10. Nxd4 Nxd4 11. Bxd4 Bd7 12. Nd2 Bc6 13. Nc4 Nb4 14. Bb2 Rc8
15. a3 Bxg2 16. Kxg2 Nc6 17. Rc1 b5 18. Ne3 Qb6 19. Qd3 Qb7 20. Qe4 Na5 21. Qxb7
Nxb7 22. Rfd1 Nc5 23. b4 Na4 24. Rd7 Bxb4 25. axb4 Nxb2 26. Rxc8 Rxc8 27. Rxa7
Nc4 28. Rb7 Na3 29. g4 g5 30. h4 h6 31. hxg5 hxg5 32. Ra7 Rc3 33. Nf1 Nc2 34.
Rb7 Rc4 35. Rxb5 Rxg4+ 36. Kh3 Rh4+ 37. Kg3 f5 38. Rb8+ Kf7 39. b5 f4+ 40. Kf3
Nd4+ 41. Ke4 f3+ 0-1

[Event "FIDE World Bl Team Final"]
[Site "London ENG"]
[Date "2025.06.15"]
[Round "2.1"]
[White "Firouzja, Alireza"]
[Black "Svane, Rasmus"]
[Result "1-0"]
[WhiteTitle "GM"]
[BlackTitle "GM"]
[WhiteElo "2766"]
[BlackElo "2626"]
[WhiteTeam "A1 WR Chess Team"]
[BlackTeam "C2 Germany and Friends"]
[WhiteFideId "12573981"]
[BlackFideId "4657101"]
[EventDate "2025.06.15"]
[EventType "team-k.o. (blitz)"]

1. e4 e5 2. Nf3 Nc6 3. Bb5 a6 4. Ba4 Nf6 5. O-O Be7 6. Re1 b5 7. Bb3 O-O 8. h3
Bb7 9. d3 d5 10. exd5 Nxd5 11. Nbd2 Nd4 12. Nxe5 c5 13. Ndf3 Nxb3 14. axb3 f6
15. Ng4 Qd7 16. Bd2 Rfe8 17. Re2 Bf8 18. Rxe8 Rxe8 19. Qf1 Nc7 20. Ngh2 Ne6 21.
Re1 Nd4 22. Nxd4 cxd4 23. Rxe8 Qxe8 24. Qd1 Qc6 25. Nf3 Kf7 26. Bf4 Qd7 27. Bg3
Bc5 28. Nd2 Qf5 29. Ne4 Be7 30. Qe2 g6 31. Bd6 Bd8 32. Qd2 Kg7 33. f3 Qe6 34.
Nc5 Qxd6 35. Nxb7 Qd5 36. Nxd8 Qxd8 37. Qf4 Qc8 38. Qxd4 Qxc2 39. b4 g5 40. h4
gxh4 41. Kh2 Qd2 42. Qg4+ Kf8 43. Qc8+ Kg7 44. Qg4+ Kf8 45. Qxh4 Qxb2 46. Qh6+
Kg8 47. Qe3 Qxb4 48. Qe6+ Kg7 49. Qd7+ Kg6 50. Qe8+ Kg7 51. Qd7+ Kg6 52. Qe8+
Kh6 53. Qe6 Qf4+ 54. Kh1 a5 55. Qe7 b4 56. Qf8+ Kg6 57. Qg8+ Kh6 58. Qf8+ Kg6
59. Qg8+ Kf5 60. g4+ Ke5 61. Qb8+ 1-0

[Event "FIDE World Bl Team Final"]
[Site "London ENG"]
[Date "2025.06.15"]
[Round "2.1"]
[White "Duda, Jan-Krzysztof"]
[Black "Svane, Frederik"]
[Result "1-0"]
[WhiteTitle "GM"]
[BlackTitle "GM"]
[WhiteElo "2725"]
[BlackElo "2667"]
[WhiteTeam "A1 WR Chess Team"]
[BlackTeam "C2 Germany and Friends"]
[WhiteFideId "1170546"]
[BlackFideId "12923044"]
[EventDate "2025.06.15"]
[EventType "team-k.o. (blitz)"]

1. e4 c5 2. Nf3 d6 3. d4 cxd4 4. Nxd4 Nf6 5. Nc3 a6 6. Bg5 e6 7. f4 Nbd7 8. Qf3
Qc7 9. O-O-O b5 10. a3 Be7 11. g4 Bb7 12. Bxf6 Bxf6 13. g5 Be7 14. h4 g6 15. Kb1
O-O-O 16. Bh3 Kb8 17. Bxe6 fxe6 18. Nxe6 Qc4 19. Nxd8 Rxd8 20. Nd5 Bf8 21. h5
Nc5 22. hxg6 hxg6 23. Rhe1 Ne6 24. Qe3 Bg7 25. Nf6 Nc5 26. e5 d5 27. Rd4 1-0

[Event "FIDE World Bl Team Final"]
[Site "London ENG"]
[Date "2025.06.15"]
[Round "2.1"]
[White "Wagner, Dinara"]
[Black "Kosteniuk, Alexandra"]
[Result "0-1"]
[WhiteTitle "IM"]
[BlackTitle "GM"]
[WhiteElo "2404"]
[BlackElo "2474"]
[WhiteTeam "C2 Germany and Friends"]
[BlackTeam "A1 WR Chess Team"]
[WhiteFideId "24157570"]
[BlackFideId "4128125"]
[EventDate "2025.06.15"]
[EventType "team-k.o. (blitz)"]

1. d4 Nf6 2. c4 e6 3. Nf3 d5 4. g3 dxc4 5. Bg2 Nc6 6. Qa4 Bb4+ 7. Bd2 Bd6 8. Bc3
O-O 9. Nbd2 Rb8 10. Qc2 b5 11. a3 a5 12. Ne5 Bxe5 13. dxe5 Nd5 14. Nf3 Nxc3 15.
bxc3 Bb7 16. O-O Qe7 17. a4 b4 18. cxb4 axb4 19. Qxc4 Na5 20. Qb5 Nb3 21. Qd3
Nxa1 22. Rxa1 b3 23. Qxb3 Bd5 24. Qc2 h6 25. a5 c5 26. Nd2 Bxg2 27. Kxg2 Qb7+
28. Kf1 Qh1# 0-1